Introduction to Magnetism and Magnetic Materials /

Salvato in:
Dettagli Bibliografici
Autore principale: Jiles, David C. (Autore)
Natura: Libro
Lingua:inglese
Pubblicazione: New York : CRC Press, 2016
Edizione:Third Edition
Tags: Aggiungi Tag
Nessun Tag, puoi essere il primo ad aggiungerne!!

MARC

LEADER 00000nam a22000003a 4500
001 0014522
003 SK-STU
005 20160519094156.8
007 ta
008 160519s ----xo-----e------000-0-----d
020 |a 978-1-4822-3887-7 
040 |a STU  |b slo 
041 0 |a eng 
044 |a xxu 
080 |a 537.6 
100 1 |a Jiles, David C.  |4 aut 
245 1 0 |a Introduction to Magnetism and Magnetic Materials /  |c aut. David C Jiles 
250 |a Third Edition 
260 |a New York :  |b CRC Press,  |c 2016 
300 |a 588 s. 
996 |b 284EK89680  |c E* 89680  |l EE36  |s P  |a 0  |w 0014522_0001